00641nam a2200229 a 4500001001300000003000900013005001700022008004100039020001000080082001400090100001700104245002200121260004800143500003500191505002800226650001600254700001700270902000800287942000700295952009400302999001500396nice12345678IN_TiNIC20260116011425.0050524s1902 laha grp 000 0 urd  ac10000a239bMEN2 aMenro, James aMajmooa-E-Rasayil aLahorebPunjab Religious Booksociety c1902 aincludes index and biblioraphy2 aHand Written Manuscript aApologetics1 aMenro, James bRBA cBK 00104070aHMIbHMId2007-06-22g100.00l0o239 MEN2p4942r2007-06-22w2026-01-16yARB c1403d1403